Sports Quiz

Random Sports Quiz

2011 F1 Teams Quiz Stats

 Plays Quiz not verified by Sporcle

Support Sporcle.
Go Orange.
Score 0/12 Timer 04:00
0 Plays Today
Team % Correct
Red Bull
98%
Ferrari
96.9%
McLaren
95.9%
Mercedes
94.9%
Lotus F1
91.8%
Renault
89.8%
Williams
87.8%
Virgin Racing
87.8%
Force India
85.7%
Toro Rosso
85.7%
Sauber
78.6%
Hispania Racing Team
70.4%

You're not logged in!

Compare scores with friends on all Sporcle quizzes.
OR
Log In

From the Vault

TV by Numbers

by Flick

It's hard enough watching TV, but having to count at the same time?
Remove Ads.
Support Sporcle.
Get the best of Sporcle when you Go Orange. This ad-free experience offers more features, more stats, and more fun while also helping to support Sporcle. Thank you for becoming a member.

Show Comments

Extras

Created Feb 11, 2011SourceReportNominate
Tags:2011, Formula 1

Top Quizzes Today


Score Distribution

Your Account Isn't Verified!

In order to create a playlist on Sporcle, you need to verify the email address you used during registration. Go to your Sporcle Settings to finish the process.

Report this User

Report this user for behavior that violates our Community Guidelines.

Details: